Total Drama Island Elimination Order - Statistics

General Stats
  • This quiz has been taken 318 times
  • The average score is 19 of 24
Answer Stats
Answer % Correct
Ezekiel
100%
Eva
95%
Noah
92%
Justin
87%
Katie
85%
Tyler
81%
Gwen
79%
Heather
79%
Owen
79%
Cody
78%
Duncan
77%
Sadie
77%
Geoff
76%
Izzy
76%
Beth
75%
Courtney
75%
Leshawna :(
74%
DJ
73%
Harold
73%
Bridgette
72%
Eva (again)
72%
Lindsay
71%
Trent
71%
Izzy (again)
70%
No matching quizzes found
Score Distribution
Percent of People with Each Score
Percentile by Number Answered
Your Score History
You have not taken this quiz